{"text_format":"3","workbook":"xls","n_sheets":1,"sheets":["Sheet1"],"read":"whole","date_system":"1900","formulas":"cached_only"}

{"sheet":"Sheet1","index":0,"n_rows":35,"n_cols":14,"rows_kept":35,"merged":[[0,0,1,0],[0,1,1,1],[0,2,1,2],[0,3,1,3],[0,4,1,4],[0,5,1,5],[0,6,1,6],[0,7,1,7],[0,8,1,8],[0,9,1,9],[0,12,1,12],[2,0,4,0],[2,12,4,12],[2,13,4,13],[6,0,11,0],[6,12,11,12],[6,13,11,13],[13,0,16,0],[13,12,16,12],[13,13,16,13],[18,0,33,0],[18,12,33,12],[18,13,33,13]],"flags":["formulas_cached_only"]}
["标段划分","序号","物料编号","物料名称","规格型号","单位","申请数量","备注","主机名称及型号","使用单位","参考单价","最高限价","公告备注","采购保证金"]
[{"$nulls":10},"（元）","（元）",null,"（元）"]
["二类截齿等017",1,1120801020,"截齿","U47-22NB","件",1000,"河南奥宇、河南凯捷、西安浩元、陕西九隆\"或相当于\""," ","王矿",{"v":275,"d":"275.00"},{"v":275000,"d":"275000.00"},"涉及安全生产物资，参与报价的截齿等物资须保障质量，满足矿方使用技术要求。参考品牌：河南奥宇、河南凯捷、西安浩元、陕西九隆，其他品牌产品技术指标等同或更优的也可报价。",43700]
[null,2,1120801024,"截齿（加强）","U95","只",3000,"附技术参数，河南奥宇、河南凯捷、西安浩元、陕西九隆\"或相当于\""," ","各矿",{"v":620,"d":"620.00"},{"v":1860000,"d":"1860000.00"}]
[null,3,1120801027,"齿套","U90K200S","件",1200,"河南奥宇、河南凯捷、西安浩元、陕西九隆\"或相当于\"","口径49.5*200件","各矿",{"v":45,"d":"45.00"},{"v":54000,"d":"54000.00"}]
[{"$nulls":3},"合计",{"$nulls":7},{"v":2189000,"d":"2189000.00"}]
["二类金刚石钻头(PDC全片)（加强型）等018",1,1120801010,"金刚石钻头(PDC全片)（加强型）","Φ30","只",20000,"永广、瑞工\"或相当于\""," ","各矿",{"v":68,"d":"68.00"},{"v":1360000,"d":"1360000.00"},"涉及安全生产物资，参与报价的钻头等物资须保障质量，满足矿方使用技术要求。参考品牌：永广、瑞工，其他品牌产品技术指标等同或更优的也可报价。",40000]
[null,2,1120801029,"风钻头","Φ30 一字型","只",500,"河北永广矿山设备有限公司\"或相当于\""," ","魏矿",{"v":63,"d":"63.00"},{"v":31500,"d":"31500.00"}]
[null,3,1120801030,"风钻头","Φ32 一字型","只",500,"河北永广矿山设备有限公司\"或相当于\""," ","王矿",{"v":66,"d":"66.00"},{"v":33000,"d":"33000.00"}]
[null,4,1120801031,"风钻头","Φ43 一字型","只",5000,"河北永广矿山设备有限公司\"或相当于\""," ","各矿",{"v":105,"d":"105.00"},{"v":525000,"d":"525000.00"}]
[null,5,1120801041,"球齿风钻头","Φ32","只",100,"河北永广矿山设备有限公司\"或相当于\""," ","魏矿",{"v":66,"d":"66.00"},{"v":6600,"d":"6600.00"}]
[null,6,1120801042,"深孔煤钻头","Φ43","只",1000,"永广、瑞工\"或相当于\""," ","王矿",{"v":45,"d":"45.00"},{"v":45000,"d":"45000.00"}]
[{"$nulls":3},"合计",{"$nulls":7},{"v":2001100,"d":"2001100.00"}]
["二类锚杆钻杆（六棱空心钢钻杆）等019",1,1120802001,"锚杆钻杆（六棱空心钢钻杆）","B19×1M×10","套",300,"永广、瑞工\"或相当于\""," ","各矿",{"v":490,"d":"490.00"},{"v":147000,"d":"147000.00"},"涉及安全生产物资，参与报价的钻杆等物资须保障质量，满足矿方使用技术要求。参考品牌：永广、瑞工，其他品牌产品技术指标等同或更优的也可报价。",3500]
[null,2,1120802004,"连接钻杆","Φ38×1M×10","套",50,"永广、瑞工\"或相当于\"","其中1套中1根是两头母","王矿",{"v":71,"d":"71.00"},{"v":3550,"d":"3550.00"}]
[null,3,1120802054,"组合连接器","Φ16×6/14×1.5（一头粗丝一头细丝）","个",5000,"永广、瑞工\"或相当于\""," ","各矿",{"v":4.5,"d":"4.50"},{"v":22500,"d":"22500.00"}]
[null,4,1120802056,"钻尾","14×14(方)","只",200,"永广、瑞工\"或相当于\""," ","王矿",{"v":15,"d":"15.00"},{"v":3000,"d":"3000.00"}]
[{"$nulls":3},"合计",{"$nulls":7},{"v":176050,"d":"176050.00"}]
["二类高效螺旋钻头等020",1,1120801034,"高效螺旋钻头","Φ76","只",200,"奥宇、海耐森、瑞工“或相当于”"," ","王矿",{"v":160,"d":"160.00"},{"v":32000,"d":"32000.00"},"涉及安全生产物资，参与报价的钻头等须保障质量，满足矿方使用技术要求。参考品牌：奥宇、海耐森、瑞工，其他品牌产品技术指标等同或更优的也可报价。",18200]
[null,2,1120801035,"高效螺旋钻杆","Φ69*1M","根",300,"奥宇、海耐森、瑞工、中煤科工“或相当于”"," ","王矿",{"v":160,"d":"160.00"},{"v":48000,"d":"48000.00"}]
[null,3,1120801036,"高效螺旋钻头","Φ113","只",100,"奥宇、海耐森、瑞工“或相当于”"," ","王矿",{"v":500,"d":"500.00"},{"v":50000,"d":"50000.00"}]
[null,4,1120801052,"内凹三翼钻头(加强型)","Φ153×63.5","只",5,"奥宇、海耐森、瑞工“或相当于”","ZDY4000LP(S)煤矿用","一矿",{"v":2000,"d":"2000.00"},{"v":10000,"d":"10000.00"}]
[null,5,1120801055,"内凹三翼钻头(加强型）","Φ113×73","只",20,"奥宇、海耐森、瑞工“或相当于”","西安煤科院扣ｆ12-13","王矿",{"v":1800,"d":"1800.00"},{"v":36000,"d":"36000.00"}]
[null,6,1120801058,"高强度定向钻头","FGE120D34","只",18,"奥宇、海耐森、瑞工“或相当于”","锥丝、具有防喷功能,金刚石复合齿选用石油级1610屋脊齿复合片，数量10片，保径齿1305复合片12片，4刀翼，刀翼8度线性流体设计。","魏矿",{"v":2200,"d":"2200.00"},{"v":39600,"d":"39600.00"}]
[null,7,1120801060,"内凹三翼钻头(加强型)","Φ75×63.5","只",100,"奥宇、海耐森、瑞工“或相当于”","西安煤科院扣ｆ12-13","各矿",{"v":900,"d":"900.00"},{"v":90000,"d":"90000.00"}]
[null,8,1120801062,"内凹三翼钻头(加强型)","Φ94×73","只",20,"奥宇、海耐森、瑞工“或相当于”","西安煤科院扣ｆ12-13","王矿",{"v":860,"d":"860.00"},{"v":17200,"d":"17200.00"}]
[null,9,1120801065,"内凹三翼钻头(加强型)","Φ75×42","只",15,"奥宇、海耐森、瑞工“或相当于”","ZL-500煤矿坑道钻机煤炭科学研究总院重庆分院","一矿",{"v":900,"d":"900.00"},{"v":13500,"d":"13500.00"}]
[null,10,1120801066,"内凹三翼钻头(加强型)","Φ94×63.5","只",70,"奥宇、海耐森、瑞工“或相当于”","西安煤科院扣ｆ12-13","王矿",{"v":860,"d":"860.00"},{"v":60200,"d":"60200.00"}]
[null,11,1120801068,"内凹三翼钻头(加强型）","Φ133×63.5","只",30,"奥宇、海耐森、瑞工“或相当于”","西安煤科院扣ｆ12-13","王矿",{"v":1600,"d":"1600.00"},{"v":48000,"d":"48000.00"}]
[null,12,1120801071,"内凹三翼钻头(加强型）","Φ113×63.5","只",70,"奥宇、海耐森、瑞工“或相当于”","西安煤科院扣ｆ12-13","王矿",{"v":1800,"d":"1800.00"},{"v":126000,"d":"126000.00"}]
[null,13,1120801076,"复合片四翼抛物线钻头","Φ113","个",60,"奥宇、海耐森、瑞工“或相当于”","73锥扣30只，63.5锥扣30只","魏矿30大矿30",{"v":2700,"d":"2700.00"},{"v":162000,"d":"162000.00"}]
[null,14,1120801077,"复合片四翼抛物线钻头","Φ94WA24","个",60,"奥宇、海耐森、瑞工“或相当于”","配￠73锥扣钻杆 ","魏矿",{"v":1750,"d":"1750.00"},{"v":105000,"d":"105000.00"}]
[null,15,1120801083,"内凹三翼钻头(加强型）","Φ133×73","只",10,"奥宇、海耐森、瑞工“或相当于”","西安煤科院扣ｆ12-13","王矿",{"v":1600,"d":"1600.00"},{"v":16000,"d":"16000.00"}]
[null,16,1120802023,"刻槽螺旋钻杆","Φ73×1.5M","根",100,"奥宇、海耐森、瑞工“或相当于”","槽深度4-6mm，锥形丝（丝头前42mm后55mm)ZDY4000LR(B)西安煤科院","魏矿",{"v":570,"d":"570.00"},{"v":57000,"d":"57000.00"}]
[{"$nulls":3},"合计",{"$nulls":7},{"v":910500,"d":"910500.00"}]